FOOD AND AGRICULTURE PROFILE OF THE MUSLIM WORLD (Record no. 575698)

000 -LEADER
fixed length control field 00281nam a22001097a 4500
082 ## - DEWEY DECIMAL CLASSIFICATION NUMBER
Classification number 606 FOO'Q
100 ## - MAIN ENTRY--PERSONAL NAME
Personal name QASAM, SUBHI
9 (RLIN) 68035
245 ## - TITLE STATEMENT
Title FOOD AND AGRICULTURE PROFILE OF THE MUSLIM WORLD
260 ## - PUBLICATION, DISTRIBUTION, ETC.
Place of publication, distribution, etc. ISLAMABAD
Name of publisher, distributor, etc. ORGANIZATION OF ISLAMIC
Date of publication, distribution, etc. 1991
300 ## - PHYSICAL DESCRIPTION
Extent 437P
942 ## - ADDED ENTRY ELEMENTS (KOHA)
Koha item type Book
Holdings
Withdrawn status Lost status Source of classification or shelving scheme Damaged status Not for loan Permanent Location Current Location Shelving location Date acquired Full call number Barcode Date last seen Price effective from Koha item type Public note
          College of Electrical & Mechanical Engineering (CEME) College of Electrical & Mechanical Engineering (CEME) General Stacks 08/02/2017 606 FOO'Q CEME-27988 06/28/2021 06/28/2021 Book 3.8
© 2023 Central Library, National University of Sciences and Technology. All Rights Reserved.